| 000 | 02027nam a2200337Ia 4500 | ||
|---|---|---|---|
| 001 | ebr10039180 | ||
| 003 | CaPaEBR | ||
| 006 | m u | ||
| 007 | cr cn||||||||| | ||
| 008 | 021030s2002 cou sb 000 0 eng d | ||
| 010 | _z 2002152915 | ||
| 020 | _z1888570717 (pbk. : alk. paper) | ||
| 040 |
_aCaPaEBR _cCaPaEBR |
||
| 035 | _a(OCoLC)53471881 | ||
| 050 | 1 | 4 |
_aBL2525 _b.R472 2002eb |
| 082 | 0 | 4 |
_a291.1/72/0973 _221 |
| 245 | 0 | 4 |
_aThe Republic of faith _h[electronic resource] : _bthe search for agreement amid diversity in American religion / _cCarl Raschke and William Dean, editors. |
| 260 |
_aAurora, Colo. : _bDavies Group, _cc2002. |
||
| 300 | _ax, 163 p. | ||
| 490 | 1 | _aReligion in American culture | |
| 504 | _aIncludes bibliographical references. | ||
| 505 | 0 |
_tThe liberal social contract and the privatization of religion/ _rJean Bethke Elshtain-- _tRedescribing social inclusion : underrepresented ethnicities and a new American identity/ _rLewis S. Mudge-- _tNarrative power and liberal truth in building a new consensus/ _rEldon Eisenach-- _tAmerican Jews and the public square : notes for an American Jewish public philosophy/ _rAlan Mittleman-- _tThe significance of a contemporary Catholic debate for American public life/ _rMary Doak-- _tThe meaning of faith in public discourse/ _rJohn B. Cobb, Jr.-- _tLiberal, conservative, progressive dialogue/ _rJohn Quiring-- _tPublic reason and its religious discontents/ _rWilliam R. O'Neill-- _tTelevision and violence/ _rThomas A. Idinopulos. |
|
| 533 |
_aElectronic reproduction. _bPalo Alto, Calif. : _cebrary, _d2009. _nAvailable via World Wide Web. _nAccess may be limited to ebrary affiliated libraries. |
||
| 651 | 0 |
_aUnited States _xReligion. |
|
| 655 | 7 |
_aElectronic books. _2local |
|
| 700 | 1 | _aRaschke, Carl A. | |
| 700 | 1 | _aDean, William D. | |
| 710 | 2 | _aebrary, Inc. | |
| 830 | 0 | _aReligion in American culture. | |
| 856 | 4 | 0 |
_uhttp://site.ebrary.com/lib/rucke/Doc?id=10039180 _zAn electronic book accessible through the World Wide Web; click to view |
| 999 |
_c57637 _d57637 |
||